000 004450000a22001330004500
090 _aAR
_b04194
245 1 0 _aNew stereomerini and Rhyparini from Australia, Bordeo and fiji (Coleptera: Scarabaeidae: Aphodiinae)
041 0 _aInglés
500 _a<Literatura de escarabajos coprófagos>
700 1 _aStorey, R. I.
_998096
100 1 _aHowden, Henry F.
_998069
942 _cARTICULO
773 1 _tMemoirs of the Queensland Museum
_q175-182
_d1997?
999 _c13291
_d13291